| 000 | 00807nam a2200253 4500 | ||
|---|---|---|---|
| 003 | OSt | ||
| 005 | 20260530113843.0 | ||
| 008 | 260508b |||||||| |||| 00| 0 eng d | ||
| 020 | _a9589517404 | ||
| 040 |
_aICI _bspa _cICI |
||
| 041 | _aspa | ||
| 050 | 4 |
_aHF5415.1255 _bC668 |
|
| 100 | 1 |
_aConsuegra, David, _eautor _930456 |
|
| 245 | 1 | 0 |
_aAbc of world's trademarks = abc de marcas mundiales : _ba selection of 1476 trademarks = una selección de 1476 marcas / _cDavid Consuegra |
| 264 | 1 |
_aBogotá : _bDavid Consuegra, _c1988 |
|
| 300 |
_a138 páginas : _bilustraciones |
||
| 336 |
_atexto _2rdacontent |
||
| 337 |
_asin medio _2rdamedia |
||
| 338 |
_avolumen _2rdacarrier |
||
| 650 | 1 | 4 |
_aIdentidad corporativa _930457 |
| 650 | 1 | 4 |
_aLogotipos _930458 |
| 650 | 1 | 4 |
_aMarcas _930459 |
| 942 |
_2lcc _cBK _n1 |
||
| 999 |
_c11196 _d11196 |
||